000 00866nam a2200217 a 4500
005 20090825144421.0
008 850322s1983 ii b 001 0 eng
010 _aENG-94879
020 _c75.00
_a8123014589
035 _aEN-78412
037 _bDBAD / VEN
040 _adpl
_bEnglish
082 _a080
245 _aThe charkha and the rose
260 _aNew Delhi
_bPublication Division
_c2007
270 _aM/o Information and Broadcasting, Government of India, Soochna Bhawan, CGO Complex, Lodhi Road,
_bNew Delhi
_e110003
300 _aviii, 147p.:
_c22cm(Hb)
_bb&w photos
942 _2ddc
_cEN
_mCHA
_h080
999 _c29585
_d29585